000 00454nam a2200145Ia 4500
008 230917s9999||||xx |||||||||||||| ||und||
040 _e178254
_aMAIN
041 _aEnglish
082 _a891.43172 MS588S
100 _aमिगलानी, शीला
245 0 _aस्वातन्त्रोतर हिन्दी-काव्य में राष्ट्रीय-चेतना
260 _c1989
300 _a436 p.
942 _cTH
999 _c72768
_d72768